000 01241cam a2200313 a 4500
999 _c3881
_d3881
005 20180213154021.0
008 040420s2004 ck a r 00110 spa d
015 _ack-2004-xxxx
020 _a9583357707
040 _ala
_cla
_dCO-BoIAVH
041 0 _aspa
043 _as-ck---
082 0 4 _a599.5
_bF63g
100 1 _aFlórez González, Lilián
245 1 0 _aGuía de campo de los mamíferos acuáticos de Colombia /
_cLilián Flórez González, Juan Capella Alzueta, Patricia Falk Fernández ; ilustraciones Raúl Ríos Herrera.
260 _aSantiago de Cali :
_bEditorial Sepia,
_c2004.
300 _a124 p. :
_bil. ;
_c17 cm.
500 _aGlosario : p. 114-119.
504 _aIncluye referencias bibliográficas e índice.
650 6 _aMamíferos acuáticosos
_z Colombia
_v Guías.
650 _aAnimales acuáticos
_z Colombia
_v Guías.
650 _aFauna marina
_z Colombia.
_v Guías.
650 _aHábitat acuático
_z Colombia.
700 1 _aGarcés Guerrero, Diego Miguel
_eeditor
700 1 _aCapella Alzueta, Juan
_eautor
700 1 _aFalk Fernández, Patricia
_eautor
700 1 _aRíos Herrera, Raúl
_eilustrador
942 _2ddc
_cLIBRO